Jumbled U.S. States Quiz Stats

 Plays Quiz not verified by Sporcle

Support Sporcle.
Go Orange.
Score 0/50 Timer 08:00
0 Plays Today
Jumbled State State % Correct
SPIT IN MISS SIPMISSISSIPPI
80.5%
ION SAWIOWA
79.6%
A VAIN PENNY SLAPPENNSYLVANIA
77.9%
TAKEN YUCKYKENTUCKY
77.9%
WAXIESTTEXAS
77%
I SOIL LINESILLINOIS
77%
WEAR YE JEANSNEW JERSEY
77%
TAUGHTUTAH
77%
WREN YOLKSNEW YORK
76.1%
MIST IT SOURMISSOURI
76.1%
A BALM GALAALABAMA
74.3%
HI WASABIHAWAII
71.7%
VIA HOODIDAHO
70.8%
A RAID ZONEARIZONA
70.8%
MOWING RYEWYOMING
70.8%
MEN SEE NESTSTENNESSEE
69.9%
I SHOOTOHIO
69%
DO A COOL RUNCOLORADO
69%
WINS CATIONSWISCONSIN
69%
AWARE SLEDSDELAWARE
68.1%
GO SOONEROREGON
68.1%
A MOUNTAINMONTANA
68.1%
SEAT TASTES CHUMSMASSACHUSETTS
68.1%
NAIL CORN THROATSNORTH CAROLINA
67.3%
DIANE AND IINDIANA
67.3%
Jumbled State State % Correct
WHEN A CAMP HIRESNEW HAMPSHIRE
66.4%
VETS MOURNVERMONT
65.5%
SAVED MANNEVADA
65.5%
TANK MASSKANSAS
64.6%
I AM NEATMAINE
63.7%
ROOF DIALSFLORIDA
63.7%
SACK GALAALASKA
62.8%
HOT KOALA THUDSSOUTH DAKOTA
61.9%
A LOIN OF CART HUTSSOUTH CAROLINA
61.9%
GAIN CHIMESMICHIGAN
60.2%
GRAIN VISITVIRGINIA
60.2%
I SANK A STARARKANSAS
59.3%
HORN STATED OAKNORTH DAKOTA
59.3%
GIANT GOREGEORGIA
58.4%
INSOMNIA SETMINNESOTA
57.5%
MILAN YARDSMARYLAND
55.8%
I AM VIEW RESTINGWEST VIRGINIA
55.8%
MIX TEEN COWSNEW MEXICO
54%
A RIDDLER SHONERHODE ISLAND
54%
BAND BREAKSNEBRASKA
51.3%
CORN SAID FAILCALIFORNIA
50.4%
I AM OUR SNAILLOUISIANA
49.6%
TACT COUCH NINECONNECTICUT
48.7%
WHO ZINGS RATSWASHINGTON
47.8%
LOOK AT HAMSOKLAHOMA
45.1%

You're not logged in!

Compare scores with friends on all Sporcle quizzes.
OR
Log In
Forgot?

From the Vault

Fictional TV Schools

by rockgolf

It is a lot easier to look back with nostalgia on high school when it is fictional.
Remove Ads.
Support Sporcle.
Get the best of Sporcle when you Go Orange. This ad-free experience offers more features, more stats, and more fun while also helping to support Sporcle. Thank you for becoming a member.

Show Comments

Extras

Top Quizzes Today


Score Distribution

Your Account Isn't Verified!

In order to create a playlist on Sporcle, you need to verify the email address you used during registration. Go to your Sporcle Settings to finish the process.

Report this User

Report this user for behavior that violates our Community Guidelines.

Details: